| 000 | 00608nam a2200205Ia 4500 | ||
|---|---|---|---|
| 008 | 140429s9999 xx 000 0 und d | ||
| 020 | _a9781412920827 | ||
| 050 |
_aPN 4784.O62 _b.J65 2012 |
||
| 100 | _aJones, Janet | ||
| 245 |
_aDigital journallism / _cJanet Jones and Lee Salter. |
||
| 260 |
_aLos Angeles : _bSage Pub., _cc2012. |
||
| 300 |
_a197 p. : _c25 cm. |
||
| 500 | _aIncludes bibliographical references and index. | ||
| 521 | _aMC | ||
| 650 | _aDigital media. | ||
| 650 |
_aJournalism _xTechnological innovations. |
||
| 650 | _aOnline journalism. | ||
| 942 |
_kFOR _cBK |
||
| 999 |
_c115624 _d115624 |
||